[Event "Quebec-ch Intercoll"]
[Site "Longueuil"]
[Date "1994.04.03"]
[Round "5"]
[White "Clement, Yan"]
[Black "Dugas, Jean Francois"]
[Result "1/2-1/2"]
[WhiteElo "1592"]
[BlackElo "1419"]
[PlyCount "23"]
[EventDate "1994.04.01"]
[EventType "swiss"]
[EventRounds "6"]
[EventCountry "CAN"]
[SourceTitle "EXT 2022"]
[Source "ChessBase"]
[SourceDate "2021.10.06"]
[SourceVersion "1"]
[SourceVersionDate "2021.10.06"]
[SourceQuality "1"]

1. g3 d5 2. Bg2 c5 3. d3 Nc6 4. Nc3 e6 5. e4 Nf6 6. Bf4 a6 7. Qd2 Be7 8. h3 d4 9. Nce2 h6 10. g4 Bd6 11. a3 Qc7 12. Bg3 1/2-1/2

[Event "Quebec-ch Intercoll"]
[Site "Longueuil"]
[Date "1994.04.02"]
[Round "4"]
[White "Dugas, Jean Francois"]
[Black "Forget, Eric"]
[Result "1-0"]
[WhiteElo "1419"]
[BlackElo "1593"]
[PlyCount "93"]
[EventDate "1994.04.01"]
[EventType "swiss"]
[EventRounds "6"]
[EventCountry "CAN"]
[SourceTitle "EXT 2022"]
[Source "ChessBase"]
[SourceDate "2021.10.06"]
[SourceVersion "1"]
[SourceVersionDate "2021.10.06"]
[SourceQuality "1"]

1. d4 d5 2. Nf3 Nc6 3. c4 Nf6 4. Nc3 Bg4 5. cxd5 Bxf3 6. dxc6 Bxc6 7. f3 e6 8. e4 Bb4 9. Be3 a6 10. Bd3 Qe7 11. 0-0 0-0 12. Bg5 h6 13. Bh4 Qd8 14. Bc2 Be7 15. Qd3 g6 16. e5 Nd5 17. Bxe7 Qxe7 18. Nxd5 Bxd5 19. Rfd1 Rfd8 20. Qe3 Kg7 21. Be4 Rac8 22. a3 c5 23. dxc5 Qxc5 24. Qxc5 Rxc5 25. b4 Rcc8 26. Bxd5 Rxd5 27. Rxd5 exd5 28. Rd1 Rc3 29. Rxd5 Rxa3 30. Rd7 Re3 31. f4 Re4 32. Rxb7 Rxf4 33. e6 Rf6 34. e7 Re6 35. Ra7 Kf6 36. Rxa6 Kxe7 37. b5 Kd8 38. Rxe6 fxe6 39. Kf2 Kc7 40. Ke3 Kb6 41. Ke4 Kxb5 42. Ke5 Kc5 43. Kxe6 Kd4 44. Kf6 g5 45. Kg6 Ke5 46. g4 Kf4 47. h3 1-0